[Event "XVI MIEDZYNARODOWY FESTIWAL SZACHOWY PERLA BALTYKU - TURNIEJ KOLOWY Z NORMA IM"]
[Site "LAZY"]
[Date "1899-12-30"]
[Round "1.1"]
[White "Plichta, Kamil"]
[Black "Sernecki, Franciszek"]
[Result "1-0"]
[WhiteTitle "FM"]
[BlackTitle "FM"]
[WhiteElo "2361"]
[BlackElo "2243"]

1. e4 c5 2. Nf3 Nc6 3. Bb5 Nf6 4. Nc3 e5 5. Bxc6 dxc6 6. Nxe5 Nxe4 7. Nxe4 Qd4
8. Nf6+ gxf6 9. Nf3 Qe4+ 10. Qe2 Qxe2+ 11. Kxe2 Bf5 12. Ne1 O-O-O 13. d3 Bd6 14.
Be3 Rhe8 15. b3 Be5 16. Rd1 Bc3 17. h3 b5 18. g4 Bg6 19. Ng2 c4 20. Nf4 cxd3+
21. cxd3 Be5 22. Kf3 Bxf4 23. Kxf4 Kb7 24. d4 Rd5 25. f3 h5 26. Rhe1 hxg4 27.
hxg4 Kc7 28. Rc1 Kd7 29. Rh1 Rd6 30. Rc5 a6 31. a4 Rde6 32. Re1 Kd6 33. axb5 axb5
34. Rc3 Kd7 35. b4 Rd6 36. Ra1 Rc8 37. Kg3 Rd5 38. Ra7+ Ke8 39. Bh6 Rd7 40. Re3+
Kd8 41. Ra6 Rxd4 42. Bf8 f5 43. gxf5 Bxf5 44. Be7+ Kd7 45. Bc5 Rg8+ 46. Kf2 Rd2+
47. Ke1 Rd5 48. Ra7+ Kd8 49. Be7+ 1-0

[Event "XVI MIEDZYNARODOWY FESTIWAL SZACHOWY PERLA BALTYKU - TURNIEJ KOLOWY Z NORMA IM"]
[Site "LAZY"]
[Date "1899-12-30"]
[Round "1.2"]
[White "Gazik, Viktor"]
[Black "Kopylov, Daniel"]
[Result "1-0"]
[WhiteTitle "IM"]
[BlackTitle "m"]
[WhiteElo "2502"]
[BlackElo "2348"]

1. Nf3 Nf6 2. b3 g6 3. Bb2 Bg7 4. d4 O-O 5. e3 d5 6. Be2 Ne4 7. Nbd2 c5 8. c4 Nxd2
9. Qxd2 Nc6 10. dxc5 Bxb2 11. Qxb2 dxc4 12. O-O cxb3 13. Qxb3 Qc7 14. Rab1 Rb8
15. Qa4 Rd8 16. Rfc1 Bf5 17. Rb2 Bd3 18. Bd1 Kg7 19. h4 h6 20. Bb3 e6 21. Rd2
Ba6 22. Nd4 Nxd4 23. Rxd4 Rxd4 24. Qxd4+ e5 25. Qb4 h5 26. e4 Qe7 27. Rd1 Rd8
28. Rd6 Qxh4 29. Qd2 Rxd6 30. cxd6 Qd8 31. Qd5 Kf6 32. Qxf7+ Kg5 33. Qe7+ 1-0

[Event "XVI MIEDZYNARODOWY FESTIWAL SZACHOWY PERLA BALTYKU - TURNIEJ KOLOWY Z NORMA IM"]
[Site "LAZY"]
[Date "1899-12-30"]
[Round "1.3"]
[White "Gazik, Igor"]
[Black "Chyzy, Jakub"]
[Result "1/2-1/2"]
[WhiteTitle "IM"]
[BlackTitle "FM"]
[WhiteElo "2232"]
[BlackElo "2276"]

1. b3 e5 2. Bb2 Nc6 3. e3 d5 4. Bb5 Bd6 5. Nf3 Qe7 6. c4 a6 7. Bxc6+ bxc6 8. c5
Bxc5 9. Nxe5 Nf6 10. Nxc6 Qd6 11. Ne5 O-O 12. O-O d4 13. Nf3 Bg4 14. h3 Bh5 15.
exd4 Bb4 16. Re1 Qf4 17. Ba3 Rfe8 18. Re3 Bxf3 19. Rxf3 Qxd4 20. Bxb4 Qxa1 21.
Bc3 Qxa2 22. Bxf6 gxf6 23. Nc3 Qa5 24. b4 Qe5 25. Re3 Qd4 26. Qf3 Rad8 27. Nd5
Rxe3 28. Nxe3 Qa1+ 29. Kh2 Qe5+ 30. g3 Kh8 31. Nf5 Rd5 32. Ne7 Rd8 33. Nc6 Qd6
34. Nxd8 Qxd8 35. Qf4 Kg7 36. h4 Qe7 37. Kg2 c5 38. Qg4+ Kh6 39. Qf4+ Kg7 40.
Qg4+ Kh6 41. Qf4+ 1/2-1/2

[Event "XVI MIEDZYNARODOWY FESTIWAL SZACHOWY PERLA BALTYKU - TURNIEJ KOLOWY Z NORMA IM"]
[Site "LAZY"]
[Date "1899-12-30"]
[Round "1.4"]
[White "Malicka, Maria"]
[Black "Ochedzan, Tymon"]
[Result "1/2-1/2"]
[WhiteTitle "WCM"]
[BlackTitle "CM"]
[WhiteElo "2235"]
[BlackElo "2157"]

1. e4 c6 2. d4 d5 3. Nc3 dxe4 4. Nxe4 Bf5 5. Ng3 Bg6 6. h4 h6 7. Nf3 e6 8. Ne5
Bh7 9. Bd3 Bxd3 10. Qxd3 Nd7 11. f4 Ngf6 12. Bd2 c5 13. O-O-O Be7 14. Rhf1 O-O
15. Kb1 cxd4 16. Qxd4 Nxe5 17. Qxe5 Qd5 18. Qe2 Qc6 19. f5 Bd6 20. Nh5 Nxh5 21.
Qxh5 exf5 22. Qxf5 Qc5 23. Qg4 Rac8 24. Bc3 Be5 25. Bxe5 Qxe5 26. Rd7 Qe6 27.
Qd1 Qc6 28. g4 Rc7 29. Rd6 Qg2 30. Rg1 Qf2 31. g5 Rxc2 32. Qxc2 Qxg1+ 33. Rd1
Qe3 34. gxh6 Qxh6 35. Qc4 Qg6+ 36. Ka1 Qe6 37. Qd4 a6 38. Rg1 f6 39. a3 Re8 40.
h5 Qe4 41. Qd7 Re7 42. Qc8+ Kh7 43. Qh3 Rc7 44. Qg3 Rd7 45. Re1 Qc2 46. Qf3 b5
47. Rb1 b4 48. axb4 Qa4+ 49. Qa3 Qxa3+ 50. bxa3 Kh6 51. Rh1 f5 52. Kb2 f4 53.
Kc3 f3 54. Rf1 Rf7 55. Kd4 Kxh5 56. Ke3 Kg4 57. Rg1+ Kh4 58. Rh1+ Kg5 59. Rg1+
Kf5 60. Kxf3 Rc7 61. a4 Rc3+ 62. Kf2 g5 63. Rb1 Ke5 64. b5 axb5 65. axb5 Rc7 1/2-1/2

[Event "XVI MIEDZYNARODOWY FESTIWAL SZACHOWY PERLA BALTYKU - TURNIEJ KOLOWY Z NORMA IM"]
[Site "LAZY"]
[Date "1899-12-30"]
[Round "1.5"]
[White "Luczak, Filip"]
[Black "Kopylov, Michael"]
[Result "1/2-1/2"]
[WhiteTitle "CM"]
[BlackTitle "IM"]
[WhiteElo "2240"]
[BlackElo "2407"]

1. Nf3 d5 2. d4 e6 3. g3 Nf6 4. Bg2 Be7 5. O-O O-O 6. c4 c6 7. Nbd2 b6 8. Qc2 Bb7
9. e4 Na6 10. e5 Nd7 11. b3 c5 12. dxc5 Naxc5 13. Bb2 Rc8 14. Rad1 Qc7 15. Rfe1
Qb8 16. Qb1 Rfd8 17. Nd4 dxc4 18. Bxb7 Qxb7 19. Nxc4 b5 20. Nd6 Bxd6 21. exd6
Nf6 22. Nf5 exf5 23. Bxf6 gxf6 24. Qxf5 Ne6 25. Qxf6 Rd7 26. Rxe6 fxe6 27. Qxe6+
Kg7 28. Qe5+ Kg8 29. Qe6+ Kg7 30. Qe5+ Kg8 31. Qe6+ 1/2-1/2

[Event "XVI MIEDZYNARODOWY FESTIWAL SZACHOWY PERLA BALTYKU - TURNIEJ KOLOWY Z NORMA IM"]
[Site "LAZY"]
[Date "1899-12-30"]
[Round "2.1"]
[White "Sernecki, Franciszek"]
[Black "Kopylov, Michael"]
[Result "1/2-1/2"]
[WhiteTitle "FM"]
[BlackTitle "IM"]
[WhiteElo "2243"]
[BlackElo "2407"]

1. d4 Nf6 2. c4 c5 3. d5 e6 4. Nc3 exd5 5. cxd5 d6 6. e4 g6 7. Nf3 Bg7 8. Be2 O-O
9. O-O Re8 10. Nd2 Na6 11. f3 Nc7 12. a4 b6 13. Nc4 Ba6 14. Qc2 Bxc4 15. Bxc4
a6 16. b3 Qd7 17. Bb2 b5 18. Bd3 Reb8 19. Rfb1 Qe8 20. Kh1 Qd7 21. Bf1 Qe8 22.
Bd3 Qd7 23. Bf1 Qe8 24. Bd3 1/2-1/2

[Event "XVI MIEDZYNARODOWY FESTIWAL SZACHOWY PERLA BALTYKU - TURNIEJ KOLOWY Z NORMA IM"]
[Site "LAZY"]
[Date "1899-12-30"]
[Round "2.2"]
[White "Ochedzan, Tymon"]
[Black "Luczak, Filip"]
[Result "1/2-1/2"]
[WhiteTitle "CM"]
[BlackTitle "CM"]
[WhiteElo "2157"]
[BlackElo "2240"]

1. e4 c5 2. Nf3 e6 3. d4 cxd4 4. Nxd4 Nf6 5. Nc3 Nc6 6. Nxc6 bxc6 7. e5 Nd5 8.
Ne4 Bb7 9. Be2 c5 10. O-O Qc7 11. Nd6+ Bxd6 12. exd6 Qc6 13. f3 c4 14. Qd4 O-O
15. Bxc4 Qxd6 16. b3 e5 17. Qf2 Nb6 18. Be3 Qc7 19. Bxb6 axb6 20. Rfd1 Bc6 21.
a4 Bxa4 22. Rxa4 Rxa4 23. Bxf7+ Rxf7 24. bxa4 h6 25. Qe2 Rf4 26. Rd5 d6 27. Qd1
Rxa4 28. Rxd6 Qc5+ 29. Kf1 Rd4 30. Rxd4 exd4 31. Qe2 1/2-1/2

[Event "XVI MIEDZYNARODOWY FESTIWAL SZACHOWY PERLA BALTYKU - TURNIEJ KOLOWY Z NORMA IM"]
[Site "LAZY"]
[Date "1899-12-30"]
[Round "2.3"]
[White "Chyzy, Jakub"]
[Black "Malicka, Maria"]
[Result "1-0"]
[WhiteTitle "FM"]
[BlackTitle "WCM"]
[WhiteElo "2276"]
[BlackElo "2235"]

1. e4 c5 2. Nf3 d6 3. d4 cxd4 4. Nxd4 Nf6 5. Nc3 a6 6. Be3 e5 7. Nb3 Be6 8. h3
Be7 9. f4 exf4 10. Bxf4 Nc6 11. Qe2 Nd7 12. O-O-O Nde5 13. g4 O-O 14. Kb1 Re8
15. Qg2 b5 16. g5 Bf8 17. h4 b4 18. Nd5 Bxd5 19. exd5 Na5 20. Nd4 Nac4 21. h5
Qb6 22. g6 Ra7 23. gxh7+ Kh8 24. Rg1 Rc8 25. Bxc4 Nxc4 26. Bh6 f6 27. Bc1 Rb7
28. Qf3 a5 29. b3 Na3+ 30. Bxa3 bxa3 31. Ne6 a4 32. h6 axb3 33. cxb3 Qb4 34. hxg7+
Bxg7 35. Rxg7 Rxg7 36. Nxg7 Rc3 37. Qxf6 Qe4+ 38. Ka1 Rg3 39. Nf5+ Kxh7 40. Nxg3
1-0

[Event "XVI MIEDZYNARODOWY FESTIWAL SZACHOWY PERLA BALTYKU - TURNIEJ KOLOWY Z NORMA IM"]
[Site "LAZY"]
[Date "1899-12-30"]
[Round "2.4"]
[White "Kopylov, Daniel"]
[Black "Gazik, Igor"]
[Result "1-0"]
[WhiteTitle "m"]
[BlackTitle "IM"]
[WhiteElo "2348"]
[BlackElo "2232"]

1. e4 Nf6 2. e5 Nd5 3. d4 Nb6 4. c4 d6 5. exd6 exd6 6. Nc3 Nc6 7. Be3 Bf5 8. Nf3
Be7 9. Be2 O-O 10. O-O d5 11. c5 Nc4 12. Bxc4 dxc4 13. Qa4 Bg4 14. Qxc4 Bxf3 15.
gxf3 Re8 16. Kg2 Bf6 17. Rad1 Qd7 18. Qd5 Qc8 19. Ne4 Bd8 20. Qh5 Ne7 21. Kh1
Ng6 22. Rg1 a5 23. Rg3 f5 24. Ng5 Bxg5 25. Qxg5 Qe6 26. h4 Rf8 27. h5 f4 28. Bxf4
Rf5 29. Qg4 Raf8 30. hxg6 h5 31. Qh3 Qd5 32. Be3 h4 33. Kg2 R8f6 1-0

[Event "XVI MIEDZYNARODOWY FESTIWAL SZACHOWY PERLA BALTYKU - TURNIEJ KOLOWY Z NORMA IM"]
[Site "LAZY"]
[Date "1899-12-30"]
[Round "2.5"]
[White "Plichta, Kamil"]
[Black "Gazik, Viktor"]
[Result "0-1"]
[WhiteTitle "FM"]
[BlackTitle "IM"]
[WhiteElo "2361"]
[BlackElo "2502"]

1. d4 d6 2. e4 Nf6 3. Nc3 g6 4. Bg5 Nc6 5. Qd2 Bg7 6. d5 Ne5 7. Bh6 Bxh6 8. Qxh6
c6 9. O-O-O Bd7 10. h3 Qb6 11. Qd2 g5 12. Nf3 h6 13. Nxe5 dxe5 14. d6 Qb4 15.
dxe7 Qxe7 16. Qe3 Be6 17. h4 Ng4 18. Qg3 gxh4 19. Rxh4 Qg5+ 20. Kb1 Rg8 21. Rh1
Rd8 22. Bd3 Nf6 23. Qh2 Qxg2 24. Qxh6 Ng4 25. Qh7 Nxf2 26. Rh2 Nxd1 27. Rxg2 Nxc3+
28. bxc3 Rxg2 29. Qh8+ Kd7 30. Qxe5 Kc8 31. Qa5 a6 32. c4 Rh8 33. Kb2 Rg1 34.
Qe5 Rhh1 35. Qd6 Rb1+ 36. Kc3 Rh8 37. Qe5 Rd8 38. Qc5 Kb8 39. a3 Ka8 40. Qe5 Rc8
41. Qc5 b6 42. Qd6 Kb7 43. Qe7+ Rc7 44. Qd8 Rh1 45. Qf6 Rh5 46. e5 Rh3 47. Kb2
Rg3 48. Qf2 Rg4 49. Kc3 Rd7 50. Qf6 Rg3 51. Qf2 Rg8 52. Kb2 Re8 53. Qf6 Rde7 54.
Kc3 Bc8 55. Be4 Be6 56. Bf3 Rc7 57. Be4 Ka7 58. c5 bxc5 59. Qf2 Kb6 60. a4 a5
61. Qe1 Rd8 62. Qb1+ Ka7 63. Qg1 Rd4 64. Bd3 Kb6 65. Qa1 Rc8 66. Bh7 Rh8 67. Bd3
Rb4 68. Qf1 Rxa4 69. Qf6 Rc8 70. Qe7 Rb4 71. Bg6 Rc7 72. Qe8 Rc8 73. Qe7 Bd5 74.
Bf5 Rc7 75. Qd8 Kb7 76. Bd3 c4 77. Bf5 Rb5 78. Qf8 Rb6 79. Qc5 Ra6 80. Kb2 a4
81. Ka3 Rb6 82. Qf8 Rb5 83. Qd6 c3 84. Bd3 Rb1 85. Qd8 Kb6 86. Ba6 c5 87. Qd6+
Bc6 88. Bc4 Rd7 89. Qf8 Ra1+ 90. Ba2 Bd5 91. Qb8+ Ka5 92. Qb4+ cxb4# 0-1

[Event "XVI MIEDZYNARODOWY FESTIWAL SZACHOWY PERLA BALTYKU - TURNIEJ KOLOWY Z NORMA IM"]
[Site "LAZY"]
[Date "1899-12-30"]
[Round "3.1"]
[White "Gazik, Viktor"]
[Black "Sernecki, Franciszek"]
[Result "1/2-1/2"]
[WhiteTitle "IM"]
[BlackTitle "FM"]
[WhiteElo "2502"]
[BlackElo "2243"]

1. e4 c6 2. Nc3 d5 3. Nf3 Nf6 4. e5 Ne4 5. Ne2 Qb6 6. d4 e6 7. Ng3 c5 8. c3 Bd7
9. Qc2 Nxg3 10. hxg3 Nc6 11. dxc5 Bxc5 12. Bf4 O-O-O 13. b4 Be7 14. Rxh7 Rxh7
15. Qxh7 d4 16. a3 dxc3 17. Rc1 a5 18. Be3 Qc7 19. Bc5 Bxc5 20. bxc5 Nd4 21. Nxd4
Qxe5+ 22. Ne2 Bb5 23. Qb1 Qd5 24. f4 Qd2+ 25. Kf2 Bd3 26. Qa1 Bxe2 27. Bxe2 Qd4+
28. Kf3 Qd5+ 29. Kf2 Qd4+ 30. Kf3 Qd5+ 31. Kf2 Qd4+ 32. Kf3 Qd5+ 33. Kf2 Qd4+
34. Kf3 Qd5+ 1/2-1/2

[Event "XVI MIEDZYNARODOWY FESTIWAL SZACHOWY PERLA BALTYKU - TURNIEJ KOLOWY Z NORMA IM"]
[Site "LAZY"]
[Date "1899-12-30"]
[Round "3.2"]
[White "Gazik, Igor"]
[Black "Plichta, Kamil"]
[Result "0-1"]
[WhiteTitle "IM"]
[BlackTitle "FM"]
[WhiteElo "2232"]
[BlackElo "2361"]

1. e4 c5 2. Nf3 e6 3. d4 cxd4 4. Nxd4 Nf6 5. Nc3 Nc6 6. Nxc6 bxc6 7. Bd3 d5 8.
O-O Be7 9. Qf3 O-O 10. Re1 a5 11. Bg5 a4 12. Rad1 Ba6 13. Qh3 Bxd3 14. Rxd3 Nxe4
15. Bxe7 Qxe7 16. Nxe4 dxe4 17. Rxe4 Rfb8 18. b3 axb3 19. Rxb3 Rd8 20. Re1 Rxa2
21. Qc3 Ra6 22. Reb1 h6 23. Qc4 Qa7 24. g3 Qa8 25. Qc3 Ra7 26. Qe5 Rad7 27. Rb8
Qa2 28. Qc3 Qd5 29. Rxd8+ Rxd8 30. Rb7 c5 31. Rc7 Qe4 0-1

[Event "XVI MIEDZYNARODOWY FESTIWAL SZACHOWY PERLA BALTYKU - TURNIEJ KOLOWY Z NORMA IM"]
[Site "LAZY"]
[Date "1899-12-30"]
[Round "3.3"]
[White "Malicka, Maria"]
[Black "Kopylov, Daniel"]
[Result "1-0"]
[WhiteTitle "WCM"]
[BlackTitle "m"]
[WhiteElo "2235"]
[BlackElo "2348"]

1. e4 c5 2. Nf3 d6 3. d4 cxd4 4. Nxd4 Nf6 5. Nc3 Nc6 6. Bg5 e6 7. Qd2 Nxd4 8. Qxd4
Be7 9. O-O-O O-O 10. f4 Qa5 11. e5 dxe5 12. Qxe5 Qxe5 13. fxe5 Nd5 14. Bxe7 Nxe7
15. Bd3 b6 16. Be4 Rb8 17. Rhe1 Bb7 18. Nb5 a6 19. Rd7 Bxe4 20. Rxe4 Ng6 21. Na7
Rfd8 22. Nc6 Rxd7 23. Nxb8 Ra7 24. a4 a5 25. Rd4 Rb7 26. Nc6 Nf8 27. b4 Rc7 28.
b5 g6 29. Rd6 Kg7 30. Nb8 Rb7 31. Rd8 h5 32. Kd2 g5 33. Kd3 Ng6 34. Kd4 Rc7 35.
c4 Nf4 36. Na6 Ne2+ 37. Ke3 Rxc4 38. Kxe2 Rxa4 39. Rd6 Ra2+ 40. Kf3 Kg6 41. Rxb6
Kf5 42. Rb7 g4+ 43. Kg3 Kxe5 44. Rxf7 Rb2 45. Rh7 a4 46. Rxh5+ Kd6 47. b6 e5 48.
Rh6+ Kd5 49. Rf6 a3 50. Nc7+ Ke4 51. Rf1 Rxb6 52. Ra1 Rb3+ 53. Kxg4 Kd3 54. h4
Kc2 55. Nb5 Rxb5 56. Rxa3 Kd2 57. Kf5 Rb4 58. Kxe5 Rxh4 59. Kf5 Rh8 60. g4 Rf8+
61. Ke5 Rg8 62. Kf4 Rf8+ 63. Kg3 Rg8 64. Ra5 Ke3 65. g5 Ke4 66. Kg4 Rh8 67. g6
Rh1 68. Kg5 Rg1+ 69. Kf6 Rf1+ 70. Ke6 Rg1 71. Ra4+ Ke3 72. Kf7 Rf1+ 73. Kg8 Rg1
74. g7 Rh1 75. Ra6 1-0

[Event "XVI MIEDZYNARODOWY FESTIWAL SZACHOWY PERLA BALTYKU - TURNIEJ KOLOWY Z NORMA IM"]
[Site "LAZY"]
[Date "1899-12-30"]
[Round "3.4"]
[White "Luczak, Filip"]
[Black "Chyzy, Jakub"]
[Result "0-1"]
[WhiteTitle "CM"]
[BlackTitle "FM"]
[WhiteElo "2240"]
[BlackElo "2276"]

1. d4 Nf6 2. Bg5 d5 3. Bxf6 exf6 4. e3 Be6 5. g3 g6 6. Bg2 Bg7 7. Ne2 O-O 8. Nf4
c6 9. Nd2 Qd6 10. O-O f5 11. Rc1 Nd7 12. c4 dxc4 13. Nxc4 Bxc4 14. Rxc4 Nf6 15.
Nd3 Rfe8 16. Nc5 Re7 17. Qc2 Nd5 18. Qb3 Rb8 19. Rfc1 Bh6 20. Bxd5 Qxd5 21. R4c3
Qf3 22. Qd1 Qd5 23. Rb3 Bg7 24. Qf1 g5 25. Qg2 Qd6 26. Nd3 Kh8 27. Qf3 f4 28.
gxf4 g4 29. Qg2 Rbe8 30. Ne5 h5 31. Rbc3 Qh6 32. Kh1 Rg8 33. Rc5 Bf8 34. Rg1 f6
35. Nd3 Reg7 36. Rcc1 h4 37. Nc5 Bxc5 38. Rxc5 g3 39. Qf3 g2+ 40. Rxg2 Rxg2 41.
Qxg2 Rxg2 42. Kxg2 Qg6+ 43. Kf3 h3 44. Ke2 Qg4+ 45. Kd3 Qg2 0-1

[Event "XVI MIEDZYNARODOWY FESTIWAL SZACHOWY PERLA BALTYKU - TURNIEJ KOLOWY Z NORMA IM"]
[Site "LAZY"]
[Date "1899-12-30"]
[Round "3.5"]
[White "Kopylov, Michael"]
[Black "Ochedzan, Tymon"]
[Result "1/2-1/2"]
[WhiteTitle "IM"]
[BlackTitle "CM"]
[WhiteElo "2407"]
[BlackElo "2157"]

1. d4 Nf6 2. c4 c5 3. d5 b5 4. cxb5 a6 5. bxa6 g6 6. Nc3 Bg7 7. Nf3 O-O 8. g3 d6
9. Bg2 Nxa6 10. O-O Nd7 11. e4 Nb6 12. h3 Nb4 13. a3 f5 14. exf5 Bxf5 15. g4 Bc8
16. Ng5 c4 17. Ne6 Bxe6 18. dxe6 Ra6 19. Bh6 Bxh6 20. axb4 Rxa1 21. Qxa1 d5 22.
Qa5 d4 23. Ne4 d3 24. Qc5 Bg7 25. Nc3 Bd4 26. Qc6 Bxc3 27. bxc3 d2 28. Rd1 Qd3
29. Qxb6 Qe2 30. Rf1 d1=Q 31. Rxd1 Qxd1+ 32. Bf1 Qe1 33. Qd4 Rf3 1/2-1/2

[Event "XVI MIEDZYNARODOWY FESTIWAL SZACHOWY PERLA BALTYKU - TURNIEJ KOLOWY Z NORMA IM"]
[Site "LAZY"]
[Date "1899-12-30"]
[Round "4.1"]
[White "Sernecki, Franciszek"]
[Black "Ochedzan, Tymon"]
[Result "1-0"]
[WhiteTitle "FM"]
[BlackTitle "CM"]
[WhiteElo "2243"]
[BlackElo "2157"]

1. d4 Nf6 2. c4 c5 3. d5 b5 4. cxb5 a6 5. e3 g6 6. Nc3 Bg7 7. a4 axb5 8. Bxb5 O-O
9. e4 e6 10. Nge2 Ba6 11. Bd2 exd5 12. exd5 Re8 13. O-O Bxb5 14. axb5 Rxa1 15.
Qxa1 Nxd5 16. Nxd5 Rxe2 17. Bc3 Qg5 18. Qa8 Re8 19. Re1 Rf8 20. f4 Qd8 21. Ne7+
Kh8 22. Ba5 Bd4+ 23. Kf1 Qe8 24. Nxg6+ hxg6 25. Rxe8 Rxe8 26. Bc7 Be3 27. Bxb8
Bxf4 28. Be5+ 1-0

[Event "XVI MIEDZYNARODOWY FESTIWAL SZACHOWY PERLA BALTYKU - TURNIEJ KOLOWY Z NORMA IM"]
[Site "LAZY"]
[Date "1899-12-30"]
[Round "4.2"]
[White "Chyzy, Jakub"]
[Black "Kopylov, Michael"]
[Result "0-1"]
[WhiteTitle "FM"]
[BlackTitle "IM"]
[WhiteElo "2276"]
[BlackElo "2407"]

1. e4 e6 2. d4 d5 3. Nc3 Bb4 4. e5 b6 5. Qg4 Bf8 6. h4 h5 7. Qd1 Ne7 8. Bg5 Qd7
9. Bxe7 Bxe7 10. f4 Ba6 11. Bxa6 Nxa6 12. Qe2 Nb4 13. a3 Nc6 14. Nf3 Na5 15. O-O
g6 16. Rfd1 Kf8 17. g3 Nc4 18. Ra2 b5 19. Nd2 c5 20. Nxc4 bxc4 21. dxc5 Bxc5+
22. Kh2 Qb7 23. b4 cxb3 24. cxb3 Qxb3 25. Rc2 Qxa3 26. Qb5 Bb6 27. Qc6 Kg7 28.
Nb5 Qf3 29. Rdc1 Rac8 30. Qd7 Bf2 31. Rc3 Bxg3+ 32. Kh3 Qg4+ 33. Kg2 Rxc3 34.
Rxc3 Be1+ 0-1

[Event "XVI MIEDZYNARODOWY FESTIWAL SZACHOWY PERLA BALTYKU - TURNIEJ KOLOWY Z NORMA IM"]
[Site "LAZY"]
[Date "1899-12-30"]
[Round "4.3"]
[White "Kopylov, Daniel"]
[Black "Luczak, Filip"]
[Result "1/2-1/2"]
[WhiteTitle "m"]
[BlackTitle "CM"]
[WhiteElo "2348"]
[BlackElo "2240"]

1. d4 Nf6 2. c4 g6 3. Nf3 Bg7 4. g3 O-O 5. Bg2 c6 6. O-O d5 7. cxd5 cxd5 8. Ne5
Nbd7 9. Nc3 Nxe5 10. dxe5 Ng4 11. Nxd5 Nxe5 12. Bg5 Nc6 13. Rc1 Be6 14. b3 Qa5
15. Qe1 Qxa2 16. Nc7 Rac8 17. Nxe6 fxe6 18. Bxc6 Rxc6 19. Rxc6 bxc6 20. Bxe7 Re8
21. Bc5 Qxb3 22. Bxa7 Ra8 23. Be3 Ra1 24. Qd2 Rxf1+ 25. Kxf1 Qd5 26. f3 Qxd2 27.
Bxd2 c5 28. e4 c4 29. Ke2 Kf7 30. Bb4 Bd4 31. f4 Ke8 32. g4 Kf7 1/2-1/2

[Event "XVI MIEDZYNARODOWY FESTIWAL SZACHOWY PERLA BALTYKU - TURNIEJ KOLOWY Z NORMA IM"]
[Site "LAZY"]
[Date "1899-12-30"]
[Round "4.4"]
[White "Plichta, Kamil"]
[Black "Malicka, Maria"]
[Result "1-0"]
[WhiteTitle "FM"]
[BlackTitle "WCM"]
[WhiteElo "2361"]
[BlackElo "2235"]

1. d4 Nf6 2. Bf4 c5 3. d5 g6 4. Nc3 Bg7 5. e4 d6 6. Nf3 O-O 7. Be2 Na6 8. O-O Nc7
9. a4 Nh5 10. Be3 e6 11. h3 exd5 12. exd5 Re8 13. Qd2 b6 14. Rfe1 a6 15. Bg5 Qd7
16. Nh2 Bb7 17. Ng4 f5 18. Nh6+ Bxh6 19. Bxh6 Nf6 20. Bf3 b5 21. axb5 axb5 22.
Rxa8 Bxa8 23. Rxe8+ Qxe8 24. Bg5 Kf7 25. Qf4 Qe7 26. b4 Qe1+ 27. Kh2 Qxc3 28.
Qxd6 Nfe8 29. Qe7+ Kg8 30. d6 Nxd6 31. Qxd6 Qg7 32. Qd8+ 1-0

[Event "XVI MIEDZYNARODOWY FESTIWAL SZACHOWY PERLA BALTYKU - TURNIEJ KOLOWY Z NORMA IM"]
[Site "LAZY"]
[Date "1899-12-30"]
[Round "4.5"]
[White "Gazik, Viktor"]
[Black "Gazik, Igor"]
[Result "1-0"]
[WhiteTitle "IM"]
[BlackTitle "IM"]
[WhiteElo "2502"]
[BlackElo "2232"]

1. d4 d5 2. c4 dxc4 3. e4 Nf6 4. e5 Nd5 5. Bxc4 e6 6. Nf3 Qd7 7. O-O b6 8. Qe2
Bb7 9. Rd1 Be7 10. a3 Nc6 11. Be3 O-O-O 12. Nc3 Nxc3 13. bxc3 Na5 14. Bb5 Qd5
15. Qf1 Kb8 16. Nd2 Bc6 17. a4 Rc8 18. Rab1 Bxb5 19. axb5 c5 20. dxc5 Bxc5 21.
Nb3 Qxb3 22. Rxb3 Nxb3 23. Rd7 Rc7 24. Rxc7 Kxc7 25. Qd1 Bxe3 26. fxe3 Nc5 27.
Qd6+ Kc8 28. Qe7 Rd8 29. h4 g6 30. Qxf7 Rd7 31. Qg8+ Kb7 32. c4 a5 33. bxa6+ Kxa6
34. Qa8+ Ra7 35. Qc6 Rf7 36. Kh2 Ka7 37. Kh3 Rd7 38. Kg4 Rf7 39. Qe8 Rd7 40. Kg5
Ka6 41. Qa8+ Ra7 42. Qc8+ Rb7 43. Qc6 Rf7 44. Kh6 Ka7 45. g4 Rd7 46. Qc8 Rf7 47.
Qg8 Re7 48. h5 gxh5 49. gxh5 Rc7 50. Qxh7 Rxh7+ 51. Kxh7 Ne4 52. h6 1-0

[Event "XVI MIEDZYNARODOWY FESTIWAL SZACHOWY PERLA BALTYKU - TURNIEJ KOLOWY Z NORMA IM"]
[Site "LAZY"]
[Date "1899-12-30"]
[Round "5.1"]
[White "Gazik, Igor"]
[Black "Sernecki, Franciszek"]
[Result "0-1"]
[WhiteTitle "IM"]
[BlackTitle "FM"]
[WhiteElo "2232"]
[BlackElo "2243"]

1. d4 Nf6 2. Nf3 e6 3. e3 d5 4. Bd3 c5 5. Ne5 Nc6 6. c3 Nxe5 7. dxe5 Nd7 8. f4
Be7 9. O-O b6 10. e4 Bb7 11. exd5 exd5 12. Qe2 Qc7 13. Na3 c4 14. Bf5 Bxa3 15.
bxa3 O-O 16. Be3 Nc5 17. Bd4 Rae8 18. Qh5 g6 19. Qh6 Ne6 20. Rf3 Nxd4 21. cxd4
Re7 22. Rh3 f6 23. Bxg6 hxg6 24. Qh8+ Kf7 25. Qxf6+ Ke8 26. Qxg6+ Kd8 27. f5 Bc8
28. Rf3 Rg7 29. Qh5 Rh7 30. Qg5+ Qe7 31. f6 Qf7 32. Rg3 Be6 33. Qd2 Qh5 34. Qb4
Qxh2+ 35. Kf2 Qh6 36. Qd6+ Bd7 37. Rd1 Qf4+ 38. Rf3 Qh4+ 39. g3 Qh2+ 40. Ke3 Qh6+
41. Rf4 Rg8 42. Qb8+ Bc8 43. Rdf1 Rxg3+ 44. Kd2 Qg6 45. Qd6+ Bd7 46. Qb8+ Bc8
47. Qd6+ Bd7 48. Qb8+ Bc8 49. Qd6+ Rd7 50. Qf8+ Kc7 51. R4f3 Rg2+ 52. R1f2 Rxf2+
53. Rxf2 Qd3+ 54. Ke1 Qb1+ 55. Ke2 Qd3+ 56. Ke1 c3 57. f7 Ba6 58. Qb4 Qe3+ 59.
Kd1 Qxf2 60. Qxc3+ Kb7 61. e6 Be2+ 62. Kc1 Rc7 0-1

[Event "XVI MIEDZYNARODOWY FESTIWAL SZACHOWY PERLA BALTYKU - TURNIEJ KOLOWY Z NORMA IM"]
[Site "LAZY"]
[Date "1899-12-30"]
[Round "5.2"]
[White "Malicka, Maria"]
[Black "Gazik, Viktor"]
[Result "0-1"]
[WhiteTitle "WCM"]
[BlackTitle "IM"]
[WhiteElo "2235"]
[BlackElo "2502"]

1. e4 c5 2. Nf3 d6 3. d4 cxd4 4. Nxd4 Nf6 5. Nc3 a6 6. Bg5 e6 7. f4 Nbd7 8. Qf3
Qc7 9. O-O-O Be7 10. g4 b5 11. Bxf6 Nxf6 12. g5 Nd7 13. f5 O-O 14. fxe6 fxe6 15.
Nxe6 Rxf3 16. Nxc7 Ra7 17. N7d5 Bxg5+ 18. Kb1 Nc5 19. Nb6 Bb7 20. Rxd6 Nxe4 21.
Nxe4 Bxe4 22. Bd3 Rxd3 0-1

[Event "XVI MIEDZYNARODOWY FESTIWAL SZACHOWY PERLA BALTYKU - TURNIEJ KOLOWY Z NORMA IM"]
[Site "LAZY"]
[Date "1899-12-30"]
[Round "5.3"]
[White "Luczak, Filip"]
[Black "Plichta, Kamil"]
[Result "0-1"]
[WhiteTitle "CM"]
[BlackTitle "FM"]
[WhiteElo "2240"]
[BlackElo "2361"]

1. Nf3 g6 2. g3 Bg7 3. d4 Nf6 4. Bg2 O-O 5. O-O c6 6. Nbd2 d6 7. e4 Qc7 8. b3 b5
9. Bb2 Nbd7 10. a4 b4 11. Re1 Rd8 12. Qe2 e5 13. Rad1 a5 14. dxe5 dxe5 15. Nc4
Ba6 16. Nfxe5 Nb6 17. Qf3 Bxc4 18. Nxc4 Nxc4 19. bxc4 Nd7 20. e5 Nxe5 21. Bxe5
Bxe5 22. Qxc6 Qxc6 23. Bxc6 Rxd1 24. Rxd1 Rc8 25. Bb5 Bf6 26. Rd5 Be7 27. Kf1
Kf8 28. Ke2 Rc7 29. Kd3 Bc5 30. f3 Ke7 31. g4 f6 32. h3 Bd6 33. Kd4 Be5+ 34. Ke4
Ke6 35. Ba6 f5+ 36. Kd3 Rc6 37. Rxa5 Rd6+ 38. Ke2 Bc3 39. gxf5+ Kf6 40. c5 Rd2+
41. Ke3 b3 42. cxb3 Bxa5 43. fxg6 hxg6 44. Ke4 Ke7 45. Ke5 Bc3+ 46. Kf4 Rd5 47.
c6 Kd6 48. Bb5 Rf5+ 49. Kg4 Bd2 50. Kg3 Be1+ 51. Kg4 Bd2 52. Kg3 Be3 53. h4 Rd5
54. Bc4 Rd1 55. f4 Rd4 56. Bf7 Bxf4+ 57. Kh3 Rd3+ 58. Kg4 Ke5 59. Bxg6 Rg3+ 60.
Kh5 Kf6 61. Bc2 Rc3 62. Kg4 Rxc2 63. Kxf4 Rxc6 64. Ke4 Rb6 65. Kd5 Rxb3 66. Kc6
Ra3 67. Kb5 Ke6 68. a5 Kd7 69. Kb6 Kc8 70. a6 Kb8 0-1

[Event "XVI MIEDZYNARODOWY FESTIWAL SZACHOWY PERLA BALTYKU - TURNIEJ KOLOWY Z NORMA IM"]
[Site "LAZY"]
[Date "1899-12-30"]
[Round "5.4"]
[White "Kopylov, Michael"]
[Black "Kopylov, Daniel"]
[Result "1/2-1/2"]
[WhiteTitle "IM"]
[BlackTitle "m"]
[WhiteElo "2407"]
[BlackElo "2348"]

1. d4 Nf6 2. Nf3 g6 3. c4 Bg7 4. Nc3 d5 5. cxd5 Nxd5 6. e4 Nxc3 7. bxc3 c5 8. Rb1
O-O 9. Be2 cxd4 10. cxd4 Qa5+ 11. Bd2 Qxa2 12. O-O b6 13. Qc1 Bb7 14. Bc4 Qa4
15. Bb5 Qa2 16. Bc4 Qa4 17. Bb5 Qa2 18. Bc4 1/2-1/2

[Event "XVI MIEDZYNARODOWY FESTIWAL SZACHOWY PERLA BALTYKU - TURNIEJ KOLOWY Z NORMA IM"]
[Site "LAZY"]
[Date "1899-12-30"]
[Round "5.5"]
[White "Ochedzan, Tymon"]
[Black "Chyzy, Jakub"]
[Result "0-1"]
[WhiteTitle "CM"]
[BlackTitle "FM"]
[WhiteElo "2157"]
[BlackElo "2276"]

1. e4 e5 2. Nf3 Nc6 3. Bb5 a6 4. Ba4 Nf6 5. O-O Be7 6. Re1 b5 7. Bb3 d6 8. c3 O-O
9. h3 Na5 10. Bc2 c5 11. d4 Nd7 12. Nbd2 exd4 13. cxd4 Nc6 14. d5 Nce5 15. Nxe5
Nxe5 16. f4 Ng6 17. Nf3 f5 18. exf5 Bxf5 19. Bxf5 Rxf5 20. g4 Rxf4 21. Bxf4 Nxf4
22. Kh2 Bg5 23. Re4 Qf6 24. Nxg5 Qxb2+ 25. Kg3 Qg2+ 26. Kxf4 Qf2+ 27. Nf3 Rf8+
28. Kg5 h6+ 29. Kh5 Rxf3 30. h4 Rf5+ 31. g5 Kh7 32. Re7 hxg5 33. Qd3 Qxh4# 0-1